[Event "CAN-ch U20 2002"]
[Site "Winnipeg CAN"]
[Date "2002.01.03"]
[Round "3"]
[White "Charter, Bennet"]
[Black "Moskvitch, Andrei"]
[Result "0-1"]
[WhiteElo "1827"]
[BlackElo "2200"]
[PlyCount "78"]
[EventDate "2002.01.02"]
[EventType "swiss"]
[EventRounds "8"]
[EventCountry "CAN"]

1. e4 c5 2. Nf3 e6 3. d4 cxd4 4. Nxd4 Nf6 5. Bd3 Nc6 6. Nb3 d5 7. Bg5 dxe4 8.
Bxf6 gxf6 9. Bxe4 Qxd1+ 10. Kxd1 Ne5 11. Nc3 f5 12. Bxf5 exf5 13. Re1 Bg7 14.
f4 f6 15. fxe5 fxe5 16. Nb5 Ke7 17. Ke2 Bd7 18. Nc3 Bc6 19. Na5 Rad8 20. Nxc6+
bxc6 21. Rad1 e4 22. Na4 Be5 23. Rxd8 Rxd8 24. h3 Rg8 25. Kf1 h5 26. Re3 Rg3
27. Rxg3 Bxg3 28. Nc3 Be5 29. Nd1 Ke6 30. c3 Bf4 31. Ke2 Ke5 32. Ne3 Bxe3 33.
Kxe3 f4+ 34. Ke2 h4 35. Kf2 Kd5 36. b3 a5 37. a4 c5 38. Ke2 c4 39. b4 axb4 0-1

[Event "CAN-ch U20 2002"]
[Site "Winnipeg CAN"]
[Date "2002.01.03"]
[Round "3"]
[White "Davies, Lucas"]
[Black "Gushuliak, Justin"]
[Result "0-1"]
[WhiteElo "1919"]
[BlackElo "2076"]
[PlyCount "72"]
[EventDate "2002.01.02"]
[EventType "swiss"]
[EventRounds "8"]
[EventCountry "CAN"]

1. e4 c5 2. Nc3 g6 3. g3 Bg7 4. Bg2 Nc6 5. d3 e6 6. f4 Nge7 7. Nf3 O-O 8. O-O
Rb8 9. Be3 Nd4 10. Rb1 d5 11. Ne2 Nec6 12. e5 Nxe2+ 13. Qxe2 d4 14. Bf2 b6 15.
Nd2 Bb7 16. Ne4 Ne7 17. g4 Nd5 18. Qd2 f5 19. gxf5 exf5 20. Ng5 Qd7 21. Nf3 Bh6
22. Bg3 Ne3 23. Rfe1 Qa4 24. Rec1 Rfe8 25. Nh4 Nxg2 26. Nxg2 Rxe5 27. Qf2 Qc6
28. c3 Rbe8 29. Rc2 Re3 30. cxd4 Rxd3 31. dxc5 Bg7 32. cxb6 Qd5 33. Qf1 Bd4+
34. Bf2 Rf3 35. Rd2 Rxf2 36. Rxf2 Re2 0-1

[Event "CAN-ch U20 2002"]
[Site "Winnipeg CAN"]
[Date "2002.01.03"]
[Round "3"]
[White "Eshleman, Brandon"]
[Black "Cameron, Kirk"]
[Result "1-0"]
[WhiteElo "1826"]
[BlackElo "934"]
[PlyCount "83"]
[EventDate "2002.01.02"]
[EventType "swiss"]
[EventRounds "8"]
[EventCountry "CAN"]

1. e4 e5 2. Nf3 d6 3. Bc4 Bg4 4. h3 Be6 5. Bxe6 fxe6 6. d4 Nf6 7. Nc3 Nc6 8.
O-O Qd7 9. Be3 Na5 10. dxe5 dxe5 11. Nxe5 Qd6 12. Nd3 c6 13. e5 Qc7 14. exf6
O-O-O 15. Qg4 gxf6 16. Qxe6+ Rd7 17. Ne4 Be7 18. Bf4 Qd8 19. Ndc5 Re8 20. Nxd7
Qxd7 21. Qxd7+ Kxd7 22. Rad1+ Kc8 23. Bd6 f5 24. Bxe7 fxe4 25. Bg5 Kc7 26. Rd4
c5 27. Bf4+ Kc6 28. Rd6+ Kb5 29. b3 b6 30. a4+ Ka6 31. Rd7 Re6 32. Rfd1 Rc6 33.
Bb8 Nb7 34. Rxh7 b5 35. Rdd7 Rb6 36. a5 Kxa5 37. Rxb7 Re6 38. c3 b4 39. Rxa7+
Ra6 40. Bc7+ Kb5 41. c4+ Kc6 42. Rxa6+ 1-0

[Event "CAN-ch U20 2002"]
[Site "Winnipeg CAN"]
[Date "2002.01.03"]
[Round "3"]
[White "Jiganchine, Roman"]
[Black "Wang, Hao Yuan"]
[Result "1/2-1/2"]
[WhiteElo "2246"]
[BlackElo "2219"]
[PlyCount "39"]
[EventDate "2002.01.02"]
[EventType "swiss"]
[EventRounds "8"]
[EventCountry "CAN"]

1. d4 Nf6 2. c4 e6 3. Nc3 Bb4 4. e3 c5 5. Bd3 O-O 6. Nge2 cxd4 7. exd4 d5 8.
O-O dxc4 9. Bxc4 Nbd7 10. Be3 Nb6 11. Bb3 Bd7 12. Qd3 Bc6 13. Rfd1 Rc8 14. f3
Nbd5 15. Bg5 Be7 16. Rac1 h6 17. Bh4 Qd7 18. Bf2 Rfd8 19. a3 a6 20. Ba2 1/2-1/2

[Event "CAN-ch U20 2002"]
[Site "Winnipeg CAN"]
[Date "2002.01.03"]
[Round "3"]
[White "Kazmaier, Daniel"]
[Black "Strehlow, Chris"]
[Result "1-0"]
[WhiteElo "1772"]
[BlackElo "1608"]
[PlyCount "69"]
[EventDate "2002.01.02"]
[EventType "swiss"]
[EventRounds "8"]
[EventCountry "CAN"]

1. Nf3 Nc6 2. g3 e5 3. Nc3 d5 4. d3 b6 5. Bg2 Bb7 6. O-O g6 7. e4 dxe4 8. Nxe4
Bg7 9. Re1 Nf6 10. Nxf6+ Qxf6 11. Bg5 Qd6 12. Qd2 O-O 13. Bh6 Nd4 14. Nxe5 Bxg2
15. Kxg2 Bxh6 16. Qxh6 Nxc2 17. Re4 Qd5 18. f3 Rfe8 19. Rc1 Nd4 20. Ng4 Qd6 21.
Rxc7 Nf5 22. Rd7 Nxh6 23. Nxh6+ Kg7 24. Rxd6 Kxh6 25. Rd7 Kg7 26. Kf2 Rec8 27.
Ree7 Rc2+ 28. Ke3 Rf8 29. h4 Rxb2 30. Rxa7 Kf6 31. a4 Rb4 32. g4 Rxa4 33. g5+
Kf5 34. Rxa4 b5 35. Rf4# 1-0

[Event "CAN-ch U20 2002"]
[Site "Winnipeg CAN"]
[Date "2002.01.03"]
[Round "3"]
[White "Kwiatek, Jordan"]
[Black "Mu, Yuchen"]
[Result "0-1"]
[WhiteElo "1399"]
[BlackElo "1720"]
[PlyCount "86"]
[EventDate "2002.01.02"]
[EventType "swiss"]
[EventRounds "8"]
[EventCountry "CAN"]

1. e4 c5 2. Nf3 d6 3. d4 cxd4 4. Nxd4 Nf6 5. Nc3 g6 6. Be3 Bg7 7. f3 Nc6 8. Qd2
O-O 9. O-O-O Nxd4 10. Bxd4 Be6 11. g4 Qa5 12. Kb1 Rfc8 13. a3 Bc4 14. g5 Nh5
15. Bxg7 Nxg7 16. Bxc4 Rxc4 17. Qe3 Rac8 18. Rd5 Qa6 19. Na2 b6 20. Nb4 Qb7 21.
Rhd1 a5 22. e5 axb4 23. exd6 exd6 24. Rxd6 Ne6 25. R1d2 bxa3 26. b3 a2+ 27. Ka1
R4c5 28. c4 b5 29. Rxe6 fxe6 30. Qxe6+ Qf7 31. Qf6 Qxf6+ 32. gxf6 bxc4 33. Kxa2
cxb3+ 34. Kb2 Rc2+ 35. Rxc2 bxc2 36. Kc1 Kf7 37. h4 Kxf6 38. f4 Kf5 39. h5 gxh5
40. Kd2 c1=Q+ 41. Kd3 Rd8+ 42. Ke2 Rd2+ 43. Kf3 Qc3# 0-1

[Event "CAN-ch U20 2002"]
[Site "Winnipeg CAN"]
[Date "2002.01.03"]
[Round "3"]
[White "Lafreniere, Adrian"]
[Black "Candow, John"]
[Result "1-0"]
[WhiteElo "1721"]
[BlackElo "1819"]
[PlyCount "30"]
[EventDate "2002.01.02"]
[EventType "swiss"]
[EventRounds "8"]
[EventCountry "CAN"]

1. d4 e6 2. c4 b6 3. Nc3 Bb7 4. e4 Bb4 5. Qc2 Qh4 6. d5 b5 7. Nf3 Qe7 8. Be3
bxc4 9. Bxc4 exd5 10. exd5 Nf6 11. O-O Bxc3 12. bxc3 Nxd5 13. Bg5 Qc5 14. Rfe1+
Ne7 15. Rxe7+ Qxe7 1-0

[Event "CAN-ch U20 2002"]
[Site "Winnipeg CAN"]
[Date "2002.01.03"]
[Round "3"]
[White "Lipnowski, Michael"]
[Black "Charbonneau, Anne-Marie"]
[Result "1-0"]
[WhiteElo "1799"]
[BlackElo "1925"]
[PlyCount "121"]
[EventDate "2002.01.02"]
[EventType "swiss"]
[EventRounds "8"]
[EventCountry "CAN"]

1. d4 Nf6 2. c4 e6 3. Nf3 d5 4. Nc3 Be7 5. Bg5 O-O 6. e3 h6 7. Bh4 b6 8. cxd5
Nxd5 9. Bxe7 Qxe7 10. Bd3 Bb7 11. a3 c5 12. O-O Rd8 13. Qe2 a6 14. Ne4 Nd7 15.
Rac1 N5f6 16. Nc3 e5 17. Nxe5 Nxe5 18. dxe5 Qxe5 19. Rfd1 Rd7 20. Rd2 Rad8 21.
Rcd1 b5 22. Bb1 Qe7 23. Bf5 Rxd2 24. Rxd2 Rd6 25. Qd1 Rxd2 26. Qxd2 Ne4 27.
Nxe4 Bxe4 28. Bxe4 Qxe4 29. Kf1 Qc4+ 30. Ke1 b4 31. axb4 cxb4 32. Qd4 Qb5 33.
Kd2 g6 34. h4 a5 35. h5 g5 36. Qd8+ Kh7 37. Qd3+ Qxd3+ 38. Kxd3 a4 39. Kc4 a3
40. bxa3 bxa3 41. Kb3 g4 42. f4 gxf3 43. gxf3 Kg7 44. f4 Kf6 45. e4 a2 46. Kxa2
Ke6 47. Kb3 Kd6 48. Kc4 Kc6 49. e5 Kd7 50. Kd5 Ke7 51. f5 Kd7 52. f6 Ke8 53.
Kc6 Kd8 54. Kd6 Ke8 55. Kc7 Kf8 56. Kd8 Kg8 57. Ke8 Kh8 58. Kxf7 Kh7 59. e6 Kh8
60. Kg6 Kg8 61. e7 1-0

[Event "CAN-ch U20 2002"]
[Site "Winnipeg CAN"]
[Date "2002.01.03"]
[Round "3"]
[White "Lipnowski, Samuel"]
[Black "Strub, Michael"]
[Result "0-1"]
[WhiteElo "2035"]
[BlackElo "1719"]
[PlyCount "74"]
[EventDate "2002.01.02"]
[EventType "swiss"]
[EventRounds "8"]
[EventCountry "CAN"]

1. e4 e5 2. Nf3 Nf6 3. Nxe5 d6 4. Nf3 Nxe4 5. d4 d5 6. Bd3 Nc6 7. O-O Be7 8. c4
Nb4 9. cxd5 Nxd3 10. Qxd3 Qxd5 11. Re1 Bf5 12. Nc3 Nxc3 13. Qxc3 c6 14. Bg5 f6
15. Bf4 Rd8 16. Re3 Kf7 17. Rxe7+ Kxe7 18. Qb4+ Kf7 19. Qxb7+ Rd7 20. Qa6 Be4
21. Rc1 Qb5 22. Qa3 Bxf3 23. gxf3 g5 24. Bg3 Rhd8 25. Rc5 Qb7 26. Qc3 Rxd4 27.
Rxc6 R8d7 28. Kg2 Qb4 29. Qc2 Kg7 30. Qf5 Qe7 31. Rxf6 R4d5 32. Qxd5 Rxd5 33.
Rc6 Rd7 34. Rc3 Qe2 35. Re3 Qa6 36. Bb8 Qxa2 37. Re8 Kf7 0-1

[Event "CAN-ch U20 2002"]
[Site "Winnipeg CAN"]
[Date "2002.01.03"]
[Round "3"]
[White "Raheb, David"]
[Black "Vincent, Trevor"]
[Result "1-0"]
[WhiteElo "2248"]
[BlackElo "1694"]
[PlyCount "63"]
[EventDate "2002.01.02"]
[EventType "swiss"]
[EventRounds "8"]
[EventCountry "CAN"]

1. c4 c5 2. Nf3 Nc6 3. g3 Nf6 4. Bg2 g6 5. O-O Bg7 6. Nc3 O-O 7. e4 d6 8. h3 e5
9. d3 Rb8 10. Bg5 Be6 11. Qd2 a6 12. a4 Qd7 13. Kh2 Nd4 14. Nxd4 cxd4 15. Ne2
b5 16. axb5 axb5 17. b3 Ne8 18. g4 Kh8 19. f4 f5 20. gxf5 gxf5 21. fxe5 dxe5
22. exf5 Bxf5 23. c5 b4 24. Ng3 Bg6 25. c6 Qc7 26. h4 Nf6 27. Bxf6 Bxf6 28. h5
Be8 29. Qh6 Qg7 30. Qxg7+ Bxg7 31. Rxf8+ Bxf8 32. c7 1-0

[Event "CAN-ch U20 2002"]
[Site "Winnipeg CAN"]
[Date "2002.01.03"]
[Round "4"]
[White "Candow, John"]
[Black "Cameron, Kirk"]
[Result "1-0"]
[WhiteElo "1819"]
[BlackElo "934"]
[PlyCount "97"]
[EventDate "2002.01.02"]
[EventType "swiss"]
[EventRounds "8"]
[EventCountry "CAN"]

1. d4 d5 2. c4 Nf6 3. Nc3 dxc4 4. e3 e6 5. Bxc4 Nc6 6. Nf3 Bd7 7. O-O Bd6 8.
Bd3 Nb4 9. Bb1 Ng4 10. a3 Nd5 11. e4 Nxc3 12. bxc3 Bb5 13. Re1 e5 14. h3 Nf6
15. dxe5 Nh5 16. exd6 Qxd6 17. Qxd6 cxd6 18. Ba2 O-O 19. Bd5 Rae8 20. Bxb7 Bc4
21. Bg5 f6 22. Be3 Rf7 23. Bd5 Bxd5 24. exd5 f5 25. Ng5 Rfe7 26. Ne6 h6 27.
Rab1 f4 28. Bd4 Rf7 29. Rb2 f3 30. Reb1 fxg2 31. Kxg2 Nf4+ 32. Nxf4 Rxf4 33.
Rb8 Ref8 34. Rxf8+ Rxf8 35. Rb7 Rf5 36. Rxg7+ Kf8 37. Rxa7 Rg5+ 38. Kh2 Rxd5
39. Bg7+ Kg8 40. Bxh6 Rc5 41. Bd2 Rf5 42. Be3 Re5 43. Rd7 Re6 44. a4 Kf8 45. a5
Ke8 46. Rh7 d5 47. Rh5 Rd6 48. a6 Rxa6 49. Rxd5 1-0

[Event "CAN-ch U20 2002"]
[Site "Winnipeg CAN"]
[Date "2002.01.03"]
[Round "4"]
[White "Charbonneau, Anne-Marie"]
[Black "Lafreniere, Adrian"]
[Result "1-0"]
[WhiteElo "1925"]
[BlackElo "1721"]
[PlyCount "65"]
[EventDate "2002.01.02"]
[EventType "swiss"]
[EventRounds "8"]
[EventCountry "CAN"]

1. d4 e6 2. c4 g6 3. Nc3 Bg7 4. e4 Ne7 5. Be3 d5 6. Nf3 Nbc6 7. cxd5 exd5 8. e5
Bg4 9. Be2 O-O 10. h3 Bf5 11. g4 Be6 12. Ng5 Qd7 13. f4 f6 14. Nxe6 Qxe6 15. h4
fxe5 16. fxe5 Rf7 17. Qd2 Rd8 18. Bf4 Nb4 19. O-O-O c5 20. dxc5 d4 21. b3 Nec6
22. Bc4 Qxg4 23. Bxf7+ Kxf7 24. Ne4 Nxa2+ 25. Qxa2 Qxf4+ 26. Nd2 Kg8 27. b4+
Kh8 28. h5 g5 29. h6 Bxe5 30. Rdf1 Qe3 31. Rf3 Qe2 32. Qf7 Rg8 33. Rhf1 1-0

[Event "CAN-ch U20 2002"]
[Site "Winnipeg CAN"]
[Date "2002.01.03"]
[Round "4"]
[White "Davies, Lucas"]
[Black "Kazmaier, Daniel"]
[Result "1-0"]
[WhiteElo "1919"]
[BlackElo "1772"]
[PlyCount "39"]
[EventDate "2002.01.02"]
[EventType "swiss"]
[EventRounds "8"]
[EventCountry "CAN"]

1. e4 c5 2. Nc3 Nc6 3. g3 g6 4. Bg2 Bg7 5. d3 d6 6. f4 Nf6 7. Nf3 O-O 8. O-O
Qc7 9. h3 a6 10. g4 h5 11. g5 Nd7 12. Nh4 Nd4 13. f5 Ne5 14. Nd5 Qd8 15. f6
exf6 16. gxf6 Bh8 17. Ne7+ Kh7 18. Qd2 Bg7 19. fxg7 Kxg7 20. Qh6# 1-0

[Event "CAN-ch U20 2002"]
[Site "Winnipeg CAN"]
[Date "2002.01.03"]
[Round "4"]
[White "Eshleman, Brandon"]
[Black "Lipnowski, Samuel"]
[Result "0-1"]
[WhiteElo "1826"]
[BlackElo "2035"]
[PlyCount "126"]
[EventDate "2002.01.02"]
[EventType "swiss"]
[EventRounds "8"]
[EventCountry "CAN"]

1. e4 c5 2. Nf3 e6 3. d4 cxd4 4. Nxd4 a6 5. a4 Nf6 6. Nc3 Qc7 7. Be2 Bb4 8. Bd2
Bxc3 9. Bxc3 Nxe4 10. Bb4 d6 11. Bd3 Nc5 12. O-O Nbd7 13. Re1 Ne5 14. Bb5+ Bd7
15. Bxd7+ Nexd7 16. Nf5 O-O 17. Nxd6 Rad8 18. Ne4 Nxe4 19. Rxe4 Nf6 20. Rd4
Rxd4 21. Qxd4 Rd8 22. Qc3 Rc8 23. Qxc7 Rxc7 24. Rd1 Nd5 25. c3 f6 26. Bd6 Rc6
27. Ba3 Rc4 28. Rd4 Rxd4 29. cxd4 Kf7 30. Kf1 Ke8 31. g3 Kd7 32. Ke2 Nb6 33. b3
Kc6 34. Kd3 Kd5 35. f4 Nd7 36. g4 b6 37. h4 Nb8 38. Bb2 Nc6 39. Bc3 b5 40. axb5
axb5 41. b4 g6 42. g5 f5 43. Bd2 Nxd4 44. Be3 Nc6 45. Bd2 e5 46. fxe5 Nxe5+ 47.
Ke3 Nc4+ 48. Kd3 Nxd2 49. Kxd2 Kc4 50. Ke3 Kxb4 51. Kf4 Kc4 52. Ke5 b4 53. Kf6
b3 54. Kg7 b2 55. Kxh7 b1=Q 56. Kxg6 f4+ 57. Kh6 f3 58. g6 Qb8 59. Kh7 Qe5 60.
Kh6 Qf4+ 61. Kh5 f2 62. g7 Qf7+ 63. Kh6 Qf6+ 0-1

[Event "CAN-ch U20 2002"]
[Site "Winnipeg CAN"]
[Date "2002.01.03"]
[Round "4"]
[White "Gushuliak, Justin"]
[Black "Moskvitch, Andrei"]
[Result "0-1"]
[WhiteElo "2076"]
[BlackElo "2200"]
[PlyCount "125"]
[EventDate "2002.01.02"]
[EventType "swiss"]
[EventRounds "8"]
[EventCountry "CAN"]

1. e4 c5 2. Nf3 e6 3. c3 Nf6 4. Bd3 d5 5. e5 Nfd7 6. Bc2 Nc6 7. d4 b6 8. O-O
cxd4 9. cxd4 Ba6 10. Bd3 Bxd3 11. Qxd3 Be7 12. Nc3 a6 13. Bd2 b5 14. Rac1 Qb6
15. Ne2 Rc8 16. Kh1 Rc7 17. Ng5 h6 18. Nh3 O-O 19. Nhf4 Rfc8 20. Nh5 Bf8 21. f4
Nb4 22. Rxc7 Nxd3 23. Rxc8 Nxb2 24. Bb4 Nc4 25. f5 exf5 26. Nhf4 Qb7 27. Re8 a5
28. Be7 Qc6 29. e6 fxe6 30. Bxf8 Nxf8 31. Rd8 Kf7 32. Nxd5 Nd7 33. Ndf4 g5 34.
d5 exd5 35. Nd4 Qf6 36. Rxd7+ Ke8 37. Rxd5 gxf4 38. Re1+ Ne3 39. Nxf5 Kf8 40.
Nxe3 fxe3 41. Rxb5 e2 42. Rbb1 Qf2 43. Rec1 h5 44. Re1 h4 45. h3 Ke7 46. Rbd1
Ke6 47. Kh2 Ke5 48. Kh1 Ke4 49. Kh2 a4 50. Kh1 a3 51. Kh2 Ke3 52. Kh1 Qg3 53.
Kg1 Qf4 54. Kh1 Kf2 55. Rb1 Qd2 56. Rg1 Qxa2 57. Rb8 Qf7 58. Rbb1 a2 59. Ra1
Qd5 60. Rac1 Qd2 61. Rc8 e1=Q 62. Rf8+ Ke2 63. Re8+ 0-1

[Event "CAN-ch U20 2002"]
[Site "Winnipeg CAN"]
[Date "2002.01.03"]
[Round "4"]
[White "Mu, Yuchen"]
[Black "Charter, Bennet"]
[Result "1/2-1/2"]
[WhiteElo "1720"]
[BlackElo "1827"]
[PlyCount "33"]
[EventDate "2002.01.02"]
[EventType "swiss"]
[EventRounds "8"]
[EventCountry "CAN"]

1. e4 e6 2. d4 d5 3. Nc3 Nf6 4. Bg5 Be7 5. e5 Nfd7 6. Bxe7 Qxe7 7. f4 c5 8. Nb5
O-O 9. Nc7 cxd4 10. Nxa8 Qb4+ 11. Qd2 Qxb2 12. Rd1 Qxa2 13. Nc7 a6 14. Nf3 Nc6
15. Bd3 Nc5 16. Rc1 Ne4 17. Bxe4 1/2-1/2

[Event "CAN-ch U20 2002"]
[Site "Winnipeg CAN"]
[Date "2002.01.03"]
[Round "4"]
[White "Strehlow, Chris"]
[Black "Kwiatek, Jordan"]
[Result "1-0"]
[WhiteElo "1608"]
[BlackElo "1399"]
[PlyCount "91"]
[EventDate "2002.01.02"]
[EventType "swiss"]
[EventRounds "8"]
[EventCountry "CAN"]

1. e4 c5 2. Nf3 d6 3. c3 d5 4. e5 e6 5. d4 Nc6 6. g3 b6 7. Qa4 Bb7 8. Bb5 Qc7
9. dxc5 Bxc5 10. O-O Nge7 11. Bd3 Ng6 12. b4 Be7 13. Bxg6 hxg6 14. Ba3 O-O-O
15. b5 Na5 16. Nbd2 Kb8 17. Rfe1 Rh5 18. Rac1 Rdh8 19. Bxe7 Qxe7 20. Qd4 Nc4
21. h4 Rc8 22. Ng5 Nxd2 23. Qxd2 Rc4 24. Qd3 Rh8 25. Qf3 Rf8 26. Kh2 Qc5 27.
Red1 d4 28. Qd3 dxc3 29. Qd6+ Qxd6 30. exd6 Bd5 31. Rd3 f6 32. Nh3 c2 33. Nf4
Rc5 34. Rd2 Bxa2 35. Nxg6 Rd8 36. Ne7 Rd7 37. Nc6+ Ka8 38. Nb4 Bc4 39. Na6 Rd5
40. Rdxc2 R5xd6 41. Rxc4 Rd2 42. Rc8+ Kb7 43. R8c7+ Rxc7 44. Rxc7+ Ka8 45. Kg2
Rb2 46. Rxg7 1-0

[Event "CAN-ch U20 2002"]
[Site "Winnipeg CAN"]
[Date "2002.01.03"]
[Round "4"]
[White "Strub, Michael"]
[Black "Raheb, David"]
[Result "0-1"]
[WhiteElo "1719"]
[BlackElo "2248"]
[PlyCount "68"]
[EventDate "2002.01.02"]
[EventType "swiss"]
[EventRounds "8"]
[EventCountry "CAN"]

1. d4 Nf6 2. c4 e6 3. Nf3 b6 4. g3 Ba6 5. Qa4 c6 6. Nc3 Be7 7. e4 O-O 8. Bg2 d5
9. cxd5 cxd5 10. exd5 exd5 11. b4 Qe8 12. Qxe8 Rxe8 13. Kd1 Bxb4 14. Kc2 Rc8
15. Bb2 Bxc3 16. Bxc3 Ne4 17. Kb2 Nxc3 18. Rac1 Ne4 19. Rxc8+ Bxc8 20. Ne5 Nd7
21. Rc1 Nxe5 22. dxe5 Be6 23. Bxe4 dxe4 24. Rc7 g6 25. a3 a5 26. Rb7 Rd8 27.
Kc1 Rd3 28. a4 Rd4 29. Rxb6 Rxa4 30. Kd2 Ra3 31. h4 Rd3+ 32. Ke2 Bg4+ 33. Kf1
Rd1+ 34. Kg2 Bf3+ 0-1

[Event "CAN-ch U20 2002"]
[Site "Winnipeg CAN"]
[Date "2002.01.03"]
[Round "4"]
[White "Wang, Hao Yuan"]
[Black "Davies, Noam"]
[Result "1-0"]
[WhiteElo "2219"]
[BlackElo "1670"]
[PlyCount "95"]
[EventDate "2002.01.02"]
[EventType "swiss"]
[EventRounds "8"]
[EventCountry "CAN"]

1. e4 c5 2. Nf3 e6 3. d4 cxd4 4. Nxd4 a6 5. Bd3 Qc7 6. O-O Nf6 7. Qe2 d6 8. c4
Be7 9. Nc3 Nc6 10. Nb3 Bd7 11. Be3 O-O 12. Rac1 Ne5 13. Nd2 Nxd3 14. Qxd3 Bc6
15. h3 Nd7 16. Qe2 Bf6 17. f4 Rfb8 18. b4 b5 19. a3 Qb7 20. Bf2 a5 21. cxb5
Bxb5 22. Nxb5 Qxb5 23. Qxb5 Rxb5 24. Nc4 axb4 25. Nxd6 Rbb8 26. axb4 Be7 27.
Bc5 Nxc5 28. bxc5 Bxd6 29. cxd6 Ra6 30. e5 f6 31. Rc7 Kf8 32. Rfc1 Raa8 33. Kh2
Rd8 34. Re7 Re8 35. Rcc7 Rxe7 36. Rxe7 fxe5 37. fxe5 Re8 38. Rxe8+ Kxe8 39. Kg3
Kf7 40. Kf4 h6 41. Ke4 Ke8 42. Kd4 Kd7 43. Kc5 Kc8 44. Kc6 Kd8 45. d7 g5 46.
Kd6 g4 47. Kxe6 gxh3 48. gxh3 1-0

[Event "CAN-ch U20 2002"]
[Site "Winnipeg CAN"]
[Date "2002.01.04"]
[Round "5"]
[White "Candow, John"]
[Black "Eshleman, Brandon"]
[Result "0-1"]
[WhiteElo "1819"]
[BlackElo "1826"]
[PlyCount "92"]
[EventDate "2002.01.02"]
[EventType "swiss"]
[EventRounds "8"]
[EventCountry "CAN"]

1. d4 Nf6 2. c4 g6 3. Nc3 d5 4. cxd5 Nxd5 5. e4 Nxc3 6. bxc3 Bg7 7. Be3 c5 8.
Nf3 O-O 9. Qd2 Nc6 10. d5 Ne5 11. Nxe5 Bxe5 12. Bxc5 Qa5 13. Bd4 Bg7 14. Bxg7
Kxg7 15. Be2 b6 16. Qd4+ f6 17. Qb4 Qxb4 18. cxb4 Bb7 19. Rc1 Rfc8 20. Kd2 f5
21. Bc4 fxe4 22. Ke3 a5 23. b5 Rc5 24. Kxe4 e6 25. Kd4 exd5 26. Bd3 Rac8 27.
Rxc5 bxc5+ 28. Ke5 Re8+ 29. Kd6 c4 30. Bb1 Kf6 31. a4 c3 32. Kc7 Bc8 33. Rc1 d4
34. Rd1 Be6 35. Bc2 Rc8+ 36. Kb7 Rc4 37. b6 Bf5 38. Bxf5 Kxf5 39. Ka7 c2 40.
Rc1 d3 41. b7 Rb4 42. b8=Q Rxb8 43. Kxb8 d2 44. Rxc2 d1=Q 45. Rc5+ Kf6 46. Rxa5
Qd8+ 0-1

[Event "CAN-ch U20 2002"]
[Site "Winnipeg CAN"]
[Date "2002.01.04"]
[Round "5"]
[White "Lafreniere, Adrian"]
[Black "Kwiatek, Jordan"]
[Result "1-0"]
[WhiteElo "1721"]
[BlackElo "1399"]
[PlyCount "55"]
[EventDate "2002.01.02"]
[EventType "swiss"]
[EventRounds "8"]
[EventCountry "CAN"]

1. e4 c5 2. Nf3 d6 3. b3 Nf6 4. Nc3 a6 5. Bb2 Nc6 6. d4 cxd4 7. Nxd4 e5 8. Nxc6
bxc6 9. Qd2 Be6 10. Be2 Be7 11. O-O Qc7 12. f4 O-O 13. h3 Rfd8 14. Rad1 Qb6+
15. Kh1 Ra7 16. Na4 Qb8 17. Qe3 exf4 18. Rxf4 d5 19. Bd4 Ra8 20. Nb6 Nxe4 21.
Rxe4 dxe4 22. Nxa8 Qxa8 23. Qxe4 Bd6 24. Bd3 g6 25. Qh4 Bd5 26. Qf6 Kf8 27. Re1
Be6 28. Rxe6 1-0

[Event "CAN-ch U20 2002"]
[Site "Winnipeg CAN"]
[Date "2002.01.04"]
[Round "5"]
[White "Lipnowski, Michael"]
[Black "Davies, Noam"]
[Result "1-0"]
[WhiteElo "1799"]
[BlackElo "1670"]
[PlyCount "63"]
[EventDate "2002.01.02"]
[EventType "swiss"]
[EventRounds "8"]
[EventCountry "CAN"]

1. d4 Nf6 2. c4 g6 3. Nc3 d5 4. cxd5 Nxd5 5. Bd2 Bg7 6. e4 Nb6 7. Be3 Nc6 8. d5
Ne5 9. Bd4 O-O 10. Be2 e6 11. Nf3 Nxf3+ 12. Bxf3 e5 13. Bc5 Re8 14. Qd3 Bf8 15.
Bxf8 Rxf8 16. O-O Kh8 17. Rac1 f5 18. Rfd1 f4 19. Nb5 Rf7 20. Qc3 Qf6 21. Nxc7
Rb8 22. Qa3 a6 23. Ne8 Qd8 24. Nd6 Rg7 25. Nxc8 Rxc8 26. Bg4 Rxc1 27. Rxc1 h5
28. Be6 g5 29. Qh3 Qe8 30. Qf5 g4 31. Qxe5 f3 32. Rc7 1-0

[Event "CAN-ch U20 2002"]
[Site "Winnipeg CAN"]
[Date "2002.01.04"]
[Round "5"]
[White "Lipnowski, Samuel"]
[Black "Davies, Lucas"]
[Result "1/2-1/2"]
[WhiteElo "2035"]
[BlackElo "1919"]
[PlyCount "84"]
[EventDate "2002.01.02"]
[EventType "swiss"]
[EventRounds "8"]
[EventCountry "CAN"]

1. b3 Nf6 2. g3 e6 3. Bb2 Be7 4. Bg2 d5 5. Nf3 c5 6. O-O Nc6 7. d3 O-O 8. c4
Qc7 9. cxd5 exd5 10. d4 b6 11. Nc3 Rd8 12. Rc1 Ba6 13. Qc2 Nxd4 14. Nxd4 cxd4
15. Nxd5 Nxd5 16. Qxc7 Nxc7 17. Rxc7 Bd6 18. Rc2 d3 19. exd3 Bxd3 20. Rd2 Bxf1
21. Bxa8 Bb5 22. Be4 Be7 23. Rxd8+ Bxd8 24. Kg2 Be7 25. Bd4 f6 26. h4 Kf7 27.
Bxh7 Bc6+ 28. Kh2 g6 29. h5 gxh5 30. Bf5 Bf3 31. Kh3 Bd6 32. Kh4 Bb4 33. Be3
Be1 34. Bd3 Bb4 35. Bc4+ Kg6 36. Bb5 Kf7 37. Bc4+ Kg6 38. Be6 Bd6 39. Bd7 Kf7
40. Bh3 Kg6 41. Bd7 Kf7 42. Bf5 Bb4 1/2-1/2

[Event "CAN-ch U20 2002"]
[Site "Winnipeg CAN"]
[Date "2002.01.04"]
[Round "5"]
[White "Raheb, David"]
[Black "Jiganchine, Roman"]
[Result "1-0"]
[WhiteElo "2248"]
[BlackElo "2246"]
[PlyCount "61"]
[EventDate "2002.01.02"]
[EventType "swiss"]
[EventRounds "8"]
[EventCountry "CAN"]

1. Nf3 Nf6 2. c4 c6 3. d4 d5 4. Nc3 dxc4 5. a4 Bf5 6. e3 e6 7. Bxc4 Bb4 8. O-O
O-O 9. Nh4 Nbd7 10. Nxf5 exf5 11. Be2 Qe7 12. Qc2 g6 13. Bf3 Rfe8 14. g3 Rad8
15. a5 a6 16. Bd2 Nf8 17. Ra4 Ne6 18. Rxb4 Ng5 19. Bg2 Qxb4 20. Ne4 Qe7 21.
Nxg5 Ne4 22. Nxe4 fxe4 23. b4 Qe6 24. Rc1 Qd5 25. Qd1 Qe6 26. Bf1 Qf5 27. Bc4
Re7 28. Bb3 Qh3 29. Qf1 Qg4 30. Rc5 Qf3 31. Bc3 1-0

[Event "CAN-ch U20 2002"]
[Site "Winnipeg CAN"]
[Date "2002.01.04"]
[Round "5"]
[White "Strehlow, Chris"]
[Black "Strub, Michael"]
[Result "1-0"]
[WhiteElo "1608"]
[BlackElo "1719"]
[PlyCount "120"]
[EventDate "2002.01.02"]
[EventType "swiss"]
[EventRounds "8"]
[EventCountry "CAN"]

1. e4 e5 2. b3 Nf6 3. Nc3 Bc5 4. Nf3 d6 5. d4 exd4 6. Nxd4 Qe7 7. Bd3 Bxd4 8.
Bb5+ c6 9. Qxd4 cxb5 10. Nxb5 O-O 11. O-O Rd8 12. Bg5 a6 13. Bxf6 gxf6 14. Nc3
Nc6 15. Qd3 Be6 16. Rae1 Ne5 17. Qg3+ Kh8 18. f4 Rg8 19. Qh4 Ng6 20. Qh6 Rac8
21. Re3 Nf8 22. f5 Rc5 23. fxe6 Rg6 24. Qf4 fxe6 25. Qf2 Qc7 26. Qd2 b5 27. a3
Nd7 28. Rd1 Rc6 29. Ne2 Rg8 30. Nd4 Rxc2 31. Qxc2 Nc5 32. Nxe6 Nxe6 33. Qxc7
Nxc7 34. Rxd6 Rf8 35. Rc6 Rf7 36. Rec3 Ne8 37. Rxa6 Re7 38. Re3 Kg7 39. Rb6 Re5
40. Rb7+ Kg6 41. Rg3+ Kh6 42. Rh3+ Kg5 43. Rhxh7 Nd6 44. Rbg7+ Kf4 45. Rh4+ Ke3
46. Rg6 Nxe4 47. Rxe4+ Rxe4 48. Rxf6 Rd4 49. Re6+ Kd3 50. h3 Rd5 51. g4 Kc3 52.
Re3+ Kb2 53. b4 Rd2 54. Kf1 Rc2 55. Re2 Rxe2 56. Kxe2 Kxa3 57. g5 Kxb4 58. g6
Kc3 59. g7 b4 60. g8=Q b3 1-0

[Event "CAN-ch U20 2002"]
[Site "Winnipeg CAN"]
[Date "2002.01.04"]
[Round "5"]
[White "Vincent, Trevor"]
[Black "Mu, Yuchen"]
[Result "1-0"]
[WhiteElo "1694"]
[BlackElo "1720"]
[PlyCount "51"]
[EventDate "2002.01.02"]
[EventType "swiss"]
[EventRounds "8"]
[EventCountry "CAN"]

1. c4 b6 2. g3 Bb7 3. Nf3 Bxf3 4. exf3 c5 5. d4 cxd4 6. Qxd4 Nc6 7. Qd1 e6 8.
Bg2 Bb4+ 9. Nd2 Nf6 10. O-O d5 11. f4 Rc8 12. cxd5 Nxd5 13. a3 Be7 14. Nf3 Bf6
15. Re1 O-O 16. Ne5 Nde7 17. Bd2 Nd4 18. Bc3 Nb5 19. Bb4 Qxd1 20. Raxd1 Bxe5
21. Rxe5 Nd5 22. Bxf8 Kxf8 23. Bxd5 exd5 24. Rdxd5 Rc1+ 25. Kg2 a6 26. Rd8# 1-0